02613cam a2200373 i 45000010009000000050017000090080041000260100017000670200018000840200018001020200018001200200018001380410008001560420008001640820015001721000015001872450072002022600036002742640044003103000043003543360026003973370028004233380027004515040051004785201359005296500022018886500018019106500028019286500016019569060045019729420007020179990017020249520198020412358264420250405110703.0240228s2024 njua b 001 0 eng  a 2023039960 a9781800614888 a9781800615021 z9781800614895 z9781800614901 aeng apcc00a006.31 KOH1 aKohn, Tom,10aSecrets of Machine Learning :How It Works and What It Means for You aLondonbWorld Scientific c2024 1aNew Jersey :bWorld Scientific,c[2024] axv, 222 pages : 24 cmbillustrations ; atextbtxt2rdacontent aunmediatedbn2rdamedia avolumebnc2rdacarrier aIncludes bibliographical references and index. a"Cutting through the mass of technical literature on machine learning and AI and the plethora of fear-mongering books on the rise of killer robots, Secrets of Machine Learning offers a clear-sighted explanation for the informed reader of what this new technology is, what it does, how it works, and why it's so important. The surge in computer processing power along with the sheer quantities of training data available, means machine learning is now possible in ways wholly unthinkable just five years ago. Computers can recognize potential lung cancer better than doctors, detect fraud better than bankers, and create fake video almost impossible to tell from the real thing. And next, they are likely to drive our cars. Journalist and news product manager Tom Kohn gets to the heart of the revolutionary new technology that is developing all around us, explaining with precision how the different facets of machine learning work, how companies are using it, and why it is permeating all parts of society right now. The book guides readers through the arcane science and jargon in a clear and understandable way, but is detailed enough that it doesn't gloss over the hard technical concepts. If you want to know why Siri sometimes misunderstands you, how Netflix recommends your movies, and how machine learning will affect your job - read this book"-- 0aMachine learning. 0aIndustry 4.0. 0aArtificial intelligence 0aAutomation. a7bcbccorignewd1eecipf20gy-gencatlg cBK c43580d43580 00102ddc4070aIMTNbIMTNcRack 3-Bd2025-03-28eRaghav Books Private Limitedg2511.60i2374l1o006.31 KOHp33900r2025-05-26 00:00:00s2025-05-22t33w2025-02-14yBKzSimran Kalra (2023281)